Регионална библиотека "Любен Каравелов" - Русе

Гренадирите от СС в бой (Запис номер 192462)

MARC детайли
000 -Лидер
Контролно поле с фиксирана дължина 01993nam a2200493 c 4500
003 - Код на организацията, давaща контролен номер
Контролно поле BLK
005 - Дата и час на последна редакция
Контролно поле 20231222121344.0
008 - Елементи от данни с фиксирана дължина
fixed length control field 180411b bul|||||r ||||||| ||bul||
010 ## - Наследен системен номер
LC control number KNG00201657000
020 ## - Международен стандартен номер на книга ISBN
Международен стандартен номер на книга ISBN 978-954-733-897-5
040 ## - Източник на каталожния запис
Идентификатор на билиотеката - собственик на записа BLK
041 ## - Код за език
Код за езика на текст/звукозапис или на отделно заглавие Български
Код за езика КДБФ Български
072 #7 - Код за тематичната категория
Код организация bullib
Код за тематична категория Н92
Текст История Н
080 ## - УДК
Текстов определител УДК История на Втората световна война (1939-1945)
УДК код - определител по УДК 940.53
УДК определител (430)(093.3)
УДК - код + определител 940.53(430)(093.3)
080 ## - УДК
Текстов определител УДК История на Германия
УДК код - определител по УДК 94(430)
УДК определител (093.3)
УДК - код + определител 94(430)(093.3)
080 ## - УДК
Текстов определител УДК Втора световна война
УДК код - определител по УДК 355.48(100)"1939/1945"
УДК определител (430)(093.3)
УДК - код + определител 355.48(100)"1939/1945"(430)(093.3)
100 1# - Редна дума - Автор
Автор Майер, Курт
Авторска отговорност първи автор
R(LIN) 345888
139 ## - Редно поле
Редна дума Майер, Курт
Авторски знак Маи - М 16
245 10 - Сведения за заглавието
Заглавие Гренадирите от СС в бой
Редно поле (дума) Курт Майер; прев. Марин Иванов Гинев.
257 ## - Страна на издаване
Страна на създаване/издаване Германия
260 ## - Област на издателските данни
Име на издателя, разпространителя и проч. Прозорец
Година на издаване 2017
300 ## - Физическа характеристика
Страници 360 с.
Размери/Мащаб 21 см
380 ## - Жанр
Жанр История
490 1# - СЕРИИ (Колекции)
Име на серия Поредица Хроника
500 ## - Общи забележки
Забележка Ориг. загл. Panzermeyer: Grenadiere / Kurt Meyer.
650 #4 - Допълнително описание по предмет – тема
Основно описание – тема или топоним Втора световна война - участие на Германия
9 (RLIN) 282728
650 #4 - Допълнително описание по предмет – тема
Основно описание – тема или топоним Военна история - Германия
9 (RLIN) 300152
650 #4 - Допълнително описание по предмет – тема
Основно описание – тема или топоним Германия - военна история
9 (RLIN) 250574
650 #4 - Допълнително описание по предмет – тема
Основно описание – тема или топоним Втора световна война - спомени
9 (RLIN) 243237
651 #4 - Допълнително описание по предмет - топоним
Географско понятие Германия
9 (RLIN) 178754
653 ## - Ключова дума – ненормативна
Ключова дума Втора световна война
653 ## - Ключова дума – ненормативна
Ключова дума СС
653 ## - Ключова дума – ненормативна
Ключова дума военна история
653 ## - Ключова дума – ненормативна
Ключова дума спомени
659 ## - Тематичен бюлетин
Тематичен бюлетин Н
700 ## - Други автори (авторска отговорност)
Лично име Гинев, Марин Иванов
Дати, свързани с автора 1954
9 (RLIN) 383183
852 ## - Местоположение
Форматна сигнатура Цб 290091
856 4# - Електронен адрес и достъп
Електронен формат pdf - файл
856 4# - Електронен адрес и достъп
Електронен формат pdf - файл
999 ## - СИСТЕМНИ КОНТРОЛНИ НОМЕРА
Koha biblionumber 192462
Koha biblioitemnumber 192462
942 ## - АРТИКУЛИ
Вид на библиотечния материал Книги
Скрит в OPAC Не
Koha issues (borrowed), all copies 12
944 ## - СЪЗДАВАНЕ И РЕДАКЦИЯ на ЗАПИСА
Създаване/Редакция Създаване
Дата на регистрацията/редакция 22.02.2017
Статус, дата на статуса Цветелина Шанова
Служител, извършил регистрацията/редакцията 30531
944 ## - СЪЗДАВАНЕ И РЕДАКЦИЯ на ЗАПИСА
Създаване/Редакция Редакция
Дата на регистрацията/редакция 06.03.2017
Статус, дата на статуса ф /
Служител, извършил регистрацията/редакцията Людмила_Стоянова
999 ## - СИСТЕМНИ КОНТРОЛНИ НОМЕРА
Koha biblioitemnumber 192462
Наличности
Код за отписване Код за изгубен артикул Източник на класификационната схема Код за повреда Коз за рестрикции Код за отдаване Артикулен № Име на библиотеката - собственик Име на библиотеката, в която се намира в момента Статус (Текущо местоположение) Дата на вписване в системата Местоположение - отдел Цена в лева Инвентарен номер Систематично азбучна сигнатура Баркод Номер на екземпляра Цена в евро Служебна бележка Служебен тип на артикула
  Не е изгубен Universal Decimal Classification Не е повреден без рестрикции заемане за дома 337540 Регионална библиотека "Любен Каравелов" Русе Регионална библиотека "Любен Каравелов" Русе Заемна - подръчен фонд 2017-02-24 Заемна - подръчен фонд 14.04 120000808653 94(100)"1939/1945"/М 16 120000808653 1 7.18 Дост: Pk Вид: Ф N: 794 Дата: 20.02.2017 Дата инв: 07.02.2018 Бележки инв: П2018 Книги
  Не е изгубен Universal Decimal Classification Не е повреден без рестрикции ползва се в читалня 680089 Регионална библиотека "Любен Каравелов" Русе Регионална библиотека "Любен Каравелов" Русе Хранилище 2018-09-07 Хранилище 18.00 120000822786 Цб 290091 120000822786   9.20   Книги
Vip Innovations Ltd, Rousse, Bulgaria 2025